000 00547nam a2200217Ia 4500
003 0100
008 130227s9999 xx 000 0 und d
020 _a0553075705
040 _cARRUPELIB
050 _aLC268.L475 1991
100 _aLickona, Thomas
245 _aEducating for character
245 _bHow our schools can teach respect and responsibility
260 _aNew York
260 _bBantam Books
260 _C1991
300 _axii
300 _b 478p 23cm
650 _bBible - Commentaries - Early works
942 _2lcc
_05
999 _c3373
_d3373